African Cities by Satellite Image - Statistics

General Stats
  • This quiz has been taken 64 times
  • The average score is 7 of 10
Answer Stats
Picture Answer % Correct
Cape Town
94%
Khartoum
88%
Alexandria
79%
Casablanca
75%
Nouakchott
63%
Conakry
60%
Freetown
56%
Windhoek
52%
Kigali
50%
Banjul/Serekunda
48%
No matching quizzes found
Score Distribution
Percent of People with Each Score
Percentile by Number Answered
Your Score History
You have not taken this quiz